000 00792nam a2200229Ia 4500
005 20241216010301.0
008 180423s9999||||xx |||||||||||||| ||und||
020 _a0-201-65383-4
082 _a339
_bP26
100 _aPARKIN, MICHAEL
245 0 _aMACROECONOMIA
_bEDICION ESPECIAL EN ESPAÑOL ACTUALIZADA
250 _a0
260 _aEE.UU.
_bADDISON WESLEY IBEROAMERO
_c1995
300 _a1210 pag.
_c25 cm
341 _h0
490 _v0
_a0
505 _aINTRODUCCION/FUNCIONAMIENTO DE LOS MERCADOS/ELECCIONES DE LAS FAMILIAS/ELECCIONES DE LAS EMPRESAS/MERCADO DE BIENES Y SERVICIOS/MERCADO DE FACTORES DE LA PRODUCCION/MERCADOS INCERTIDUMBRE Y DISTRIBUCION/MERCADOS Y GOBIER
541 _aC
_d21-Jun-07
650 _aCIENCIAS SOCIALES
856 _zHumanidades
942 _cLIBRO
999 _c10379
_d10379